000
00330 a2200157 4500
001
186474
020
_a
85-0281-0452-4
040
_c
Magnum
100
_a
Rocha, Ruth
240
1
0
_a
A rua do Marcelo
_l
por
245
1
0
_a
A rua do Marcelo
300
_a
24
440
1
_a
Salamandra
697
_a
LITERATURA INFANTIL
942
_c
BK
999
_c
186474
_d
186474